Normal view
MARC view
- اعداد عبدة، داود؛ خرما،نايف؛سليم ،غازي
Entry Personal Name
001 - CONTROL NUMBER
- control field: 24459
003 - CONTROL NUMBER IDENTIFIER
- control field: JO-AjAnu
005 - DATE AND TIME OF LATEST TRANSACTION
- control field: 20230606074207.0
008 - FIXED-LENGTH DATA ELEMENTS
- fixed length control field: 230606|| aca||aabn | a|a d
040 ## - CATALOGING SOURCE
- Original cataloging agency: JO-AjAnu
- Transcribing agency: JO-AjAnu
100 ## - HEADING--PERSONAL NAME
- Personal name: اعداد عبدة، داود؛ خرما،نايف؛سليم ،غازي
670 ## - SOURCE DATA FOUND
- Source citation: Work cat.: (JO-AjAnu)12579: اعداد عبدة، داود؛ خرما،نايف؛سليم ،غازي, author, مادة اللغة العربية (1):101